El inventor de juegos / (Registro nro. 10612)

Detalles MARC
000 -LIDER
fixed length control field 00901nam a22003377b 4500
001 - NÚMERO DE CONTROL
Identificador de número de control 0002105
003 - IDENTIFICACDOR DE NÚMERO DE CONTROL
control field DO-SdBNP
005 - DATE AND TIME OF LATEST TRANSACTION
control field 20240228122727.0
007 - CAMPOS FIJOS DE DESCRIPCIÓN FÍSICA
fixed length control field 0002105
008 - ELEMENTOS DE LONGITUD FIJA
fixed length control field 060524s2010 mx || ||spa
017 ## - NÚMERO DE REGISTRO DE DERECHOS DE AUTOR
Copyright or legal deposit number
Assigning agency
020 ## - ISBN
International Standard Book Number 9789707706118
035 ## - NÚMERO LOCAL
System control number
040 ## - FUENTE DE CATALOGACIÓN
Agencia que crea de manera original el registro BPMSU
Idioma de catalogación spa
Agencia que realiza la transcripción BPMSU
Convenciones de la despripción
082 #4 - NÚMERO DE CLASIFICACIÓN DECIMAL DE DEWEY
Classification number A863.6
Item number S236i 2010
Edition number 22
100 1# - ASIENTO PRINCIPAL -- NOMBRE PERSONAL
Nombre personal Santis, Pablo de
Fechas asociadas con el nombre 1963-
245 13 - MENCIÓN DE TITULO
Título El inventor de juegos /
Medio (Designación general de material)
Mención de responsabilidad Pablo de Santis
250 ## - MENCIÓN DE EDICION
Mención de edición
260 ## - PUBLICACIÓN, DISTRIBUCIÓN, ETC. (PIE DE IMPRENTA)
Lugar de publicación, distribución, etc México :
Nombre del editor, distribuidor, etc. Alfaguara,
Fecha de publicación, distribución, etc 2010
300 ## - DESCRIPCIÓN FÍSICA
Extensión 242 p.:
Otros detalles físicos il.;
Dimensiones 22 cm
490 0# - MENCIÓN DE SERIES
Mención de serie Afaguara atrévete
650 #4 - ENCABEZAMIENTO DE MATERIA--TEMÁTICO
Término temático o nombre geográfico como elemento de entrada Novela juvenil argentina.
650 #4 - ENCABEZAMIENTO DE MATERIA--TEMÁTICO
Término temático o nombre geográfico como elemento de entrada Viajes
Subdivisión de forma Novela juvenil
650 #4 - ENCABEZAMIENTO DE MATERIA--TEMÁTICO
Término temático o nombre geográfico como elemento de entrada Novela de aventuras.
650 #4 - ENCABEZAMIENTO DE MATERIA--TEMÁTICO
Término temático o nombre geográfico como elemento de entrada Misterio
Subdivisión de forma Novela juvenil.
910 ## - VALIDACIÓN
Validación VMateo V. Control de calidad. BPMSU
942 ## - ADDED ENTRY ELEMENTS (KOHA)
Source of classification or shelving scheme Dewey Decimal Classification
Koha item type Libros
980 ## - EQUIVALENCE OR CROSS-REFERENCE-SERIES STATEMENT--PERSONAL NAME/TITLE [LOCAL, CANADA]
Personal name
--
--
Numeration
Attribution qualifier
Titles and other words associated with a name
980 ## - EQUIVALENCE OR CROSS-REFERENCE-SERIES STATEMENT--PERSONAL NAME/TITLE [LOCAL, CANADA]
Personal name
--
--
Attribution qualifier
980 ## - EQUIVALENCE OR CROSS-REFERENCE-SERIES STATEMENT--PERSONAL NAME/TITLE [LOCAL, CANADA]
Personal name
--
--
Numeration
Attribution qualifier
Titles and other words associated with a name
Existencias
Withdrawn status Lost status Source of classification or shelving scheme Damaged status Not for loan Collection code Home library Current library Date acquired Source of acquisition Total Checkouts Full call number Barcode Date last seen Price effective from Koha item type Copy number
    Dewey Decimal Classification     Colección Juvenil General Biblioteca Pública Metropolitana Salomé Ureña Biblioteca Pública Metropolitana Salomé Ureña 06/27/2016 ALFAGUARA   BPMSU CJG A863.6 S236i 2010 BPMSU26060635 06/27/2016 06/27/2016 Libros  
    Dewey Decimal Classification     Colección Juvenil General Biblioteca Pública Metropolitana Salomé Ureña Biblioteca Pública Metropolitana Salomé Ureña 06/27/2016 ALFAGUARA   BPMSU CJG A863.6 S236i 2010 BPMSU26060636 06/27/2016 06/27/2016 Libros e.3
    Dewey Decimal Classification     Colección Juvenil General Biblioteca Pública Metropolitana Salomé Ureña Biblioteca Pública Metropolitana Salomé Ureña 06/27/2016 ALFAGUARA   BPMSU CJG A863.6 S236i 2010 BPMSU24020383 02/28/2024 06/27/2016 Libros e.2